A green bough /

Bibliographic Details
Main Author: Faulkner, William, 1897-1962
Format: Book
Language:English
Published: New York : Harrison Smith and Robert Haas, 1933.

MARC

Tag First Indicator Second Indicator Subfields
LEADER 00000cam a2200000Ii 4500
001 in00000022494
005 20151007064022.0
008 770622s1933 nyu 000 0 eng d
010 |a  33010727  
019 |a 4281249  |a 6897080 
035 |a (OCoLC)ocm03061424 
035 |a (OCoLC)03061424 
035 |9 AAD8848AM 
040 |a SOI  |c SOI  |d LUU  |d KSU  |d UtOrBLW 
049 |a TXAM 
050 0 0 |a PS3511.A86  |b G7 1933 
082 0 |a 811.5 
100 1 |a Faulkner, William,  |d 1897-1962. 
245 1 2 |a A green bough /  |c by William Faulkner. 
264 1 |a New York :  |b Harrison Smith and Robert Haas,  |c 1933. 
300 |a [1-4]⁸ 5 unnumbered pages⁴; [1-6], 7-67 pages, [68-72] pages ;  |c 21.4 cm. 
336 |a text  |b txt  |2 rdacontent 
337 |a unmediated  |b n  |2 rdamedia 
338 |a volume  |b nc  |2 rdacarrier 
500 |a Petersen A14a. 
500 |a poems. 
994 |a E0  |b TXA 
999 |a MARS 
999 f f |s 0e98580d-3b56-3e2a-9ac8-5b131ee732fc  |i 069afed2-6dcf-3961-9c3e-4be553c9270b  |t 0 
952 f f |p ric  |a Texas A&M University  |b Rellis Campus  |c Joint Library Facility  |d Remote Storage  |t 0  |e PS3511.A86 G7 1933  |h Library of Congress classification  |i unmediated -- volume  |m A14801215401 
998 f f |a PS3511.A86 G7 1933  |t 0  |l Remote Storage